000 01925nam a2200253 i 4500
005 20240305165310.0
008 100326s2010 sp c 001 0 spa d
020 _a9788498498653
035 _a5342
040 _aDykinson
_dvLex
090 _c13
_d13
100 1 _aTapia Fernández, Isabel.
245 1 3 _aLa cosa juzgada:
_bestudio de jurisprudencia civil /
_cIsabel Tapia Fernández
_h[Recurso electrónico]
256 _aServicio en línea
260 _aMadrid :
_bDykinson,
_c2010.
300 _a270 p.
500 _aEste libro no pretende tratar de modo exhaustivo la compleja institución de la cosa juzgada. Existen en la literatura jurídica, patria y extranjera, excelentes trabajos sobre el tema, que abordan las cuestiones de concepto y de aplicación de los mismos a los múltiples problemas que sobre la cosa juzgada se plantean.La finalidad del trabajo ha sido tratar de esclarecer la doctrina que de la cosa juzgada vierten los Tribunales de Justicia al resolver concretos problemas. Los casos resueltos por los Tribunales en los que se debatía sobre la cosa juzgada revelan una literatura acerca de esa institución confusa y prolija, en ocasiones sin distinciones claras de conceptos ni matizaciones. Deslindar esa jurisprudencia, sistematizarla, y comentar críticamente dichos contenidos ha sido el objeto final de una obra que pretende servir de guía a los aplicadores del Derecho.
506 1 _aContenido solo disponible en los productos indicados
_dvLex Global
_dvLex Global (Academic Edition, excluding Law Schools)
_dvLex Global (U.S. Academic Edition, Law Schools)
_dvLex Global (U.S. Academic Edition, excluding Law Schools)
_dvLex Global (Academic Edition, Law Schools)
650 4 _aDerecho Procesal
650 4 _aDerecho civil
740 0 _avLex Libros (Servicios en línea)
856 4 0 _uhttps://app.vlex.com/#/sources/cosa-juzgada-estudio-jurisprudencia-civil-5342
942 _cRAA
999 _c158555
_d158555